Que retire-t-on ? - Statistiques

Statistiques générales
  • Ce quiz a été pris 69 fois
  • Le résultat moyen est 9 sur 20
Statistiques - réponses
Hint Réponse % Correct
Cardiectomie Coeur
98%
Gastrectomie Estomac
92%
Néphrectomie Rein
87%
Mammectomie Sein
86%
Amygdalectomie Amygdales
81%
Colectomie Colon
75%
Hystérectomie Utérus
65%
Pénectomie Pénis
63%
Glossectomie Langue
49%
Splénectomie Rate
44%
Orchidectomie Testicule
37%
Frénectomie Frein
24%
Otectomie* Oreilles
22%
Sapingectomie Trompe
21%
Kéractectomie Cornée
14%
Omphalectomie Nombril
8%
Adénoïdectomie Végétations
8%
Posthectomie Prépuce
6%
Onyxectomie* Griffes
5%
Phélectomie Varice
3%
Aucun quiz correspondant
Distribution des résultats
% des personnes avec chaque résultat
Percentile par nombre de réponses
Votre historique - résultats
Vous n’avez pas pris ce quiz